Countries of the Popes - Statistics

General Stats
  • This quiz has been taken 127,053 times
    47,132 since last reset
  • The average score is 13 of 16
Answer Stats
# Popes Country % Correct
212 Italy / Vatican City
100%
16 France
98%
1 United States
97%
6 Germany
96%
2 Spain
96%
1 United Kingdom
92%
1 Argentina
91%
1 Poland
89%
1 Portugal
89%
3 Greece
80%
1 Netherlands
72%
2 Turkey
69%
2 Croatia
57%
3 Israel
57%
3 Syria
47%
1 Libya
31%
No matching quizzes found
Score Distribution
Percent of People with Each Score
Percentile by Number Answered
Your Score History
You have not taken this quiz since the last reset